<?xml version="1.0" encoding="UTF-8"?>
<record
    xmlns:xsi="http://www.w3.org/2001/XMLSchema-instance"
    xsi:schemaLocation="http://www.loc.gov/MARC21/slim http://www.loc.gov/standards/marcxml/schema/MARC21slim.xsd"
    xmlns="http://www.loc.gov/MARC21/slim">

  <leader>00819nam a2200217Ia 4500</leader>
  <controlfield tag="001">IA_HD2021 C35 2004</controlfield>
  <controlfield tag="002">COMERCILIZACION DE PRODUCTOS AGRARIOS</controlfield>
  <controlfield tag="008">220117s    xx            000 0 und d</controlfield>
  <datafield tag="010" ind1=" " ind2=" ">
    <subfield code="a">184406</subfield>
  </datafield>
  <datafield tag="650" ind1=" " ind2=" ">
    <subfield code="a">Food marketing</subfield>
    <subfield code="9">156883</subfield>
  </datafield>
  <datafield tag="650" ind1=" " ind2=" ">
    <subfield code="a">Productos Agr&#xED;colas </subfield>
    <subfield code="x">Estandarizaci&#xF3;n y Clasificaci&#xF3;n  </subfield>
    <subfield code="9">156884</subfield>
  </datafield>
  <datafield tag="650" ind1=" " ind2=" ">
    <subfield code="a">Productos Agr&#xED;colas</subfield>
    <subfield code="x">Almacenamiento  </subfield>
    <subfield code="9">91897</subfield>
  </datafield>
  <datafield tag="650" ind1=" " ind2=" ">
    <subfield code="a">Productos Agr&#xED;colas</subfield>
    <subfield code="x">Calidad  </subfield>
    <subfield code="9">91922</subfield>
  </datafield>
  <datafield tag="650" ind1=" " ind2=" ">
    <subfield code="a">Productos Agr&#xED;colas</subfield>
    <subfield code="x">Conservaci&#xF3;n  </subfield>
    <subfield code="9">91923</subfield>
  </datafield>
  <datafield tag="650" ind1=" " ind2=" ">
    <subfield code="a">Productos Agr&#xED;colas</subfield>
    <subfield code="x">Precio  </subfield>
    <subfield code="9">156885</subfield>
  </datafield>
  <datafield tag="650" ind1=" " ind2=" ">
    <subfield code="a">Productos Agr&#xED;colas</subfield>
    <subfield code="x">Subproductos  </subfield>
    <subfield code="9">92033</subfield>
  </datafield>
  <datafield tag="650" ind1=" " ind2=" ">
    <subfield code="a">Productos Agr&#xED;colas</subfield>
    <subfield code="x">Transporte</subfield>
    <subfield code="x">Costo  </subfield>
    <subfield code="9">156886</subfield>
  </datafield>
  <datafield tag="700" ind1=" " ind2=" ">
    <subfield code="a">Haro Gim&#xE9;nez, Tom&#xE1;s de, coaut.</subfield>
    <subfield code="9">156887</subfield>
  </datafield>
  <datafield tag="942" ind1=" " ind2=" ">
    <subfield code="c">338.1 C35 2004</subfield>
  </datafield>
  <datafield tag="999" ind1=" " ind2=" ">
    <subfield code="c">184406</subfield>
    <subfield code="d">184406</subfield>
  </datafield>
</record>
